01482naa a22003617a 4500001001000000003000900010005001700019007000300036008003400039040005400073041000900127072003200136100002700168100002200195100001600217100002100233100001600254100001900270245014100289246014100430246009800571260003700669500013800706650002400844650001700868650002000885650001200905650002700917650001400944650001500958650001000973773013700983BR7904526BR-BrBNA20240918174422.0ta230509b bl.||||| |||| 00| 0 por d aBR-BrBNAbporcBiblioteca Nacional de Agricultura a(Pt) aF25b1440b3830b3920bG5141 aVasconcelos, J.I.P. de1 aOliveira, F.J. de1 aPaiva, J.B.1 aCrisostomo, L.A.1 aAlves, J.F.1 aLandim, C.M.U.1 aNiveis de fosforo versus inoculacao de rizobios em feijao-de-corda, Vigna sinensis (L.)Savi, em duas regioes agricolas do Ceara [Brasil]1 a[Phosphorus levels versus rhizobium inoculation in cowpea, Vigna sinensis (L.)Savi, in two agricultural regions of Ceara state [Brazil]]1 a[The SUDENE/UFC/FCPC convention. Research programme for bean plant]b[Research report - 1978]3 aFortaleza, CE (Brasil): c1979.  aConvenio SUDENE/UFC/FCPC. Programa de pesquisa com a cultura do feijoeiro Fortaleza, CE (Brasil): 1979. p. 110-119 (BR7904526-AM)F25  aFertilidade do solo aFertilizante aFeijao de corda aFosforo aFertilizante fosfatado aRhizobium aRendimento aCeara0 tConvenio SUDENE/UFC/FCPC. Programa de pesquisa com a cultura do feijoeirobwF25 BR7904526gFortaleza, CE (Brasil), 1979. p. 110-119